Superheroes By Logos - Statistics

General Stats
  • This quiz has been taken 13,331 times
    13,100 since last reset
  • The average score is 8 of 9
Answer Stats
Picture Answer % Correct
Superman
100%
Captain America
96%
Avengers
95%
Flash
93%
Wonder Woman
92%
The Incredibles
89%
Green Lantern
84%
Fantastic Four
79%
X-Men
74%
No matching quizzes found
Score Distribution
Percent of People with Each Score
Percentile by Number Answered
Your Score History
You have not taken this quiz since the last reset